000 00560nam a22001577a 4500
003 macl
005 20221125125735.0
008 221125b |||||||| |||| 00| 0 eng d
040 _cmacl
082 _a080
100 _aजोस सिल्‍वा
_981573
245 _aमन की शक्तियों को जागृत करने की तकनीक
260 _aपुणे
_bवॉव पब्लिशिंग्‍ज् प्रा.लि.
_c2018
650 _aसामान्‍य वर्ग
_936
942 _2ddc
_cHIN
999 _c65645
_d65645